Surveying (Record no. 5502)

MARC details
000 -LEADER
fixed length control field 00587nam a2200193Ia 4500
003 - CONTROL NUMBER IDENTIFIER
control field IN-BaIIA
008 - FIXED-LENGTH DATA ELEMENTS--GENERAL INFORMATION
fixed length control field 211028s9999 xx 000 0 eng d
040 ## - CATALOGING SOURCE
Transcribing agency IIA Library
080 ## - UNIVERSAL DECIMAL CLASSIFICATION NUMBER
Universal Decimal Classification number 62
Item number PUN-2
100 ## - MAIN ENTRY--PERSONAL NAME
Personal name Punmia, B. C
9 (RLIN) 9555
245 #0 - TITLE STATEMENT
Title Surveying
Remainder of title vol. 2, a text-book for degree, diploma and A. M. I. E students
Statement of responsibility, etc. B. C. Punmia
250 ## - EDITION STATEMENT
Edition statement 3rd ed.
260 ## - PUBLICATION, DISTRIBUTION, ETC.
Place of publication, distribution, etc. Delhi
Name of publisher, distributor, etc. Standard Book House
Date of publication, distribution, etc. 1975
300 ## - PHYSICAL DESCRIPTION
Extent xii, 560p.
650 ## - SUBJECT ADDED ENTRY--TOPICAL TERM
Topical term or geographic name entry element Geodetic surveys
9 (RLIN) 9556
650 ## - SUBJECT ADDED ENTRY--TOPICAL TERM
Topical term or geographic name entry element NASA Thesaurus
650 ## - SUBJECT ADDED ENTRY--TOPICAL TERM
Topical term or geographic name entry element Surveys
9 (RLIN) 164
942 ## - ADDED ENTRY ELEMENTS (KOHA)
Koha item type Books
Holdings
Withdrawn status Lost status Damaged status Not for loan Home library Current library Shelving location Date acquired Total Checkouts Full call number Barcode Date last seen Price effective from Koha item type
        IIA Library-Bangalore IIA Library-Bangalore General Stacks 10/05/1977   62/ PUN-2 6152 05/11/2021 10/05/1977 Books

Powered by Koha